00806 2200289 4500001002100000005001500021035002000036007000300056040001600059100003800075245007700113250001000190300003200200020002200232041000800254082001100262090002000273264003400293336002100327337003000348338002300378650002000401850001000421008004100431990002200472990002200494INLIS00000000000452520260524093519 a0010-0122000157ta aSPBUPDbeng0 aArdiningtiyas PitalokaePengarang1 aMy Passion My Career :bRahasia Karier Sukses Bersama Konsultankarir.com acet.1 a200 hal. :billus. ;c18 cm a978-602-9212-79-2 aeng a155.25 a090 COH i 1-20 aSolo :bTiga Serangkai,c2013 2rdacontentaTeks 2rdamediaaTanpa Perantara 2rdacarrieraVolume 4akarier-motivasi aPUPAD260524 0  a23.322 H/DPK/2017 a23.323/H/DPK/2017